[Event "FRA-chT3 North 0304"]
[Site "France"]
[Date "2004.04.04"]
[Round "9.6"]
[White "Felez, Roland"]
[Black "Tupet, Guillaume"]
[Result "1/2-1/2"]
[WhiteElo "1890"]
[BlackElo "2048"]
[PlyCount "81"]
[EventDate "2003.11.??"]
[EventType "team"]
[EventRounds "9"]
[EventCountry "FRA"]
[SourceTitle "EXT 2006"]
[Source "ChessBase"]
[SourceDate "2005.11.24"]
[SourceVersion "1"]
[SourceVersionDate "2005.11.24"]
[SourceQuality "1"]
[WhiteTeam "Baisieux"]
[BlackTeam "Neuville en Ferrain"]
[WhiteTeamCountry "FRA"]
[BlackTeamCountry "FRA"]

1. e4 c5 2. c4 Nc6 3. d3 g6 4. Nc3 Bg7 5. Be3 d6 6. Nf3 e6 7. Be2 Nge7 8. Qd2 Nd4 9. 0-0 0-0 10. Bh6 b6 11. Bxg7 Kxg7 12. h3 Bb7 13. Nh2 d5 14. Ng4 Ng8 15. Rad1 Re8 16. e5 h5 17. Nh2 Nh6 18. Qf4 Qe7 19. Nf3 Nhf5 20. Rfe1 Rad8 21. g4 hxg4 22. hxg4 Nxf3+ 23. Bxf3 Nd4 24. Bg2 Rh8 25. g5 Nf5 26. cxd5 exd5 27. e6 fxe6 28. Qe5+ Kg8 29. Qxe6+ Qxe6 30. Rxe6 Kf7 31. Rde1 Rh5 32. Rf6+ Kg7 33. Rxf5 gxf5 34. Re7+ Kg6 35. Rxb7 Rxg5 36. Rxa7 f4 37. Kf1 Kh5 38. Bf3+ Kg6 39. Rb7 Rd6 40. Na4 Kf5 41. Nc3 1/2-1/2

[Event "FRA-chT3 Gr8 0203"]
[Site "France"]
[Date "2002.11.16"]
[Round "2"]
[White "Felez, Roland"]
[Black "Riquier, Laurent"]
[Result "1-0"]
[WhiteElo "1600"]
[BlackElo "1730"]
[PlyCount "111"]
[EventDate "2002.10.??"]
[EventType "team"]
[EventRounds "9"]
[EventCountry "FRA"]
[SourceTitle "EXT 2005"]
[Source "ChessBase"]
[SourceDate "2004.11.15"]
[SourceVersion "1"]
[SourceVersionDate "2004.11.15"]
[SourceQuality "1"]

1. e4 c5 2. b4 cxb4 3. d4 Nf6 4. Bd3 e6 5. Nf3 Nc6 6. Nbd2 Be7 7. 0-0 a6 8. Bb2 d6 9. e5 dxe5 10. dxe5 Nd5 11. Ne4 0-0 12. g3 b5 13. Qe2 Bb7 14. Rad1 Qc7 15. Neg5 g6 16. Ne4 Kg7 17. Qd2 Na5 18. Bc1 Rh8 19. Qh6+ Kg8 20. Be2 f5 21. exf6 Nxf6 22. Neg5 Bd5 23. Rxd5 exd5 24. Ne6 Bf8 25. Nxc7 Bxh6 26. Bxh6 Ra7 27. Ne6 Kf7 28. Nfg5+ Ke7 29. Bd3 Nc4 30. Re1 Kd6 31. Nf3 Re8 32. Bf4+ Kd7 33. Nc5+ Kc6 34. Rxe8 Nxe8 35. Nb3 Ned6 36. h4 a5 37. Ne5+ Nxe5 38. Bxe5 Nc4 39. Bd4 Ra8 40. Kf1 a4 41. Nc5 Re8 42. Na6 b3 43. Nb4+ Kd6 44. cxb3 axb3 45. axb3 Nd2+ 46. Kg2 Nxb3 47. Bxb5 Rb8 48. Be5+ Kxe5 49. Nc6+ Ke4 50. Nxb8 Nd4 51. Ba6 Nf3 52. Bb7 Ne1+ 53. Kf1 Nc2 54. Nd7 Kd4 55. Nf8 Kc3 56. Nxh7 1-0